Počítačová analýza vícerozměrných dat v příkladech
Gespeichert in:
| Hauptverfasser: | , , |
|---|---|
| Format: | Buch |
| Sprache: | Tschechisch |
| Veröffentlicht: |
Praha
Academia
2005
|
| Ausgabe: | 1. vyd. |
| Schlagworte: | |
| Online-Zugang: | Im OPAC anzeigen |
| Tags: |
Keine Tags, Fügen Sie das erste Tag hinzu!
|
MARC
| LEADER | 00000nam a2200000 a 4500 | ||
|---|---|---|---|
| 005 | 20260127134203.0 | ||
| 008 | 051017 2005 xr 000 0 cze d | ||
| 020 | |a 8020013350 | ||
| 035 | |a vtls008303422 | ||
| 039 | 9 | |a 200603071059 |b msavuk02 |c 200510180953 |d mschk03 |c 200510171425 |d mschk03 |y 200510171422 |z mschk03 | |
| 040 | |a STUSCHK1 |b slo |c STUSCHK1 |e AACR2 | ||
| 080 | |a 519.23:681.32.01-181.4 | ||
| 100 | 1 | |a Meloun, Milan, |d 1943- |9 888 | |
| 245 | 1 | |a Počítačová analýza vícerozměrných dat v příkladech | |
| 250 | |a 1. vyd. | ||
| 260 | |a Praha |b Academia |c 2005 | ||
| 300 | |a 449 s. |e 1 CD-ROM | ||
| 650 | 0 | |a spracovanie dát |x viacrozmerné statistické metódy |y statistica (software) |z príručky | |
| 700 | 1 | |a Militký, Jiří |4 aut | |
| 700 | 1 | |a Hill, Martin |4 aut | |
| 910 | |a SCHK95 | ||
| 910 | |a savuk | ||
| 919 | |a 80-200-1335-0 | ||
| 999 | |c 6189 |d 6189 | ||